[Event "Czech Open GM 2020"]
[Site "Pardubice"]
[Date "2020.09.26"]
[Round "7.11"]
[White "Finek, Vaclav"]
[Black "Nemec, Jachym"]
[Result "0-1"]
[WhiteElo "2344"]
[BlackElo "2150"]
[Annotator "ChessBase"]
[PlyCount "146"]
[EventDate "2020.09.21"]
[EventCountry "CZE"]
[SourceTitle "playchess.com"]
[Source "ChessBase"]
[SourceQuality "1"]
[TimeControl "40/5400+30:1800+30"]

1. d4 {[%emt 0:00:29]} d5 {[%emt 0:00:00]} 2. c4 {[%emt 0:00:09]} c6 {[%emt 0:00:00]} 3. Nf3 {[%emt 0:00:18]} Nf6 {[%emt 0:00:00]} 4. Qc2 {[%emt 0:00:12]} dxc4 {[%emt 0:02:14]} 5. Qxc4 {[%emt 0:00:21]} Bf5 {[%emt 0:00:21]} 6. g3 {[%emt 0:02:05]} Nbd7 {[%emt 0:00:47]} 7. Bg2 {[%emt 0:01:32]} e6 {[%emt 0:00:15]} 8. O-O {[%emt 0:00:10]} Be7 {[%emt 0:00:11]} 9. e3 {[%emt 0:00:15]} O-O {[%emt 0:01:10]} 10. Qe2 {[%emt 0:00:23]} Rc8 {[%emt 0:14:44]} 11. Nc3 {[%emt 0:10:21]} Bg6 {[%emt 0:00:12]} 12. e4 {[%emt 0:04:58]} a6 {[%emt 0:04:00]} 13. Rd1 {[%emt 0:03:40]} Re8 {[%emt 0:03:06]} 14. Bf4 {[%emt 0:06:05]} b5 {[%emt 0:03:03]} 15. a3 {[%emt 0:00:43]} Qb6 {[%emt 0:04:54]} 16. Ne5 {[%emt 0:06:19]} Rcd8 17. Nxg6 {[%emt 0:01:12]} hxg6 18. Be3 {[%emt 0:06:37]} Qb8 {[%emt 0:17:33]} 19. f4 Nb6 {[%emt 0:00:00]} 20. b3 Nfd7 {[%emt 0:00:00]} 21. a4 {[%emt 0:08:55]} b4 {[%emt 0:09:22]} 22. Na2 {[%emt 0:01:04]} a5 {[%emt 0:00:47]} 23. Rac1 {[%emt 0:00:55]} Qb7 {[%emt 0:06:41]} 24. Rc2 {[%emt 0:04:02]} Rc8 {[%emt 0:00:23]} 25. Qf2 {[%emt 0:01:50]} Rc7 {[%emt 0:12:14]} 26. Nc1 {[%emt 0:04:45]} f5 {[%emt 0:02:50]} 27. Nd3 {[%emt 0:06:00]} Nf6 {[%emt 0:00:07]} 28. Ne5 {[%emt 0:01:08]} fxe4 {[%emt 0:01:12]} 29. g4 {[%emt 0:10:01]} Bd6 {[%emt 0:02:34]} 30. g5 {[%emt 0:03:09]} Bxe5 {[%emt 0:00:11]} 31. dxe5 {[%emt 0:01:44]} Ng4 {[%emt 0:00:31]} 32. Qg3 {[%emt 0:00:27]} Nxe3 {[%emt 0:00:39]} 33. Qxe3 {[%emt 0:00:11]} Nd5 {[%emt 0:00:07]} 34. Qxe4 {[%emt 0:00:36]} Rf7 {[%emt 0:04:11]} 35. Rf2 {[%emt 0:04:21]} Qb6 {[%emt 0:05:03]} 36. Qd4 {[%emt 0:05:14]} c5 {[%emt 0:01:27]} 37. Qd2 {[%emt 0:00:59]} Nc3 {[%emt 0:00:08]} 38. Rdf1 {[%emt 0:02:53]} c4 {[%emt 0:00:47]} 39. bxc4 {[%emt 0:01:25]} Rxf4 {[%emt 0:03:54]} 40. Qxf4 {[%emt 0:03:58]} Ne2+ {[%emt 0:00:09]} 41. Kh1 {[%emt 0:30:04]} Nxf4 {[%emt 0:30:04]} 42. Rxf4 {[%emt 0:00:04]} Qd8 {[%emt 0:00:00]} 43. Bc6 {[%emt 0:00:00]} b3 {[%emt 0:00:00]} 44. Bxe8 {[%emt 0:00:00]} Qxe8 {[%emt 0:00:00]} 45. Rb1 {[%emt 0:00:00]} Qc6+ {[%emt 0:00:00]} 46. Kg1 {[%emt 0:00:00]} Qc5+ {[%emt 0:00:00]} 47. Rf2 {[%emt 0:00:00]} Qxc4 {[%emt 0:00:00]} 48. Rfb2 {[%emt 0:00:00]} Qg4+ {[%emt 0:00:00]} 49. Kh1 {[%emt 0:00:00]} Qxa4 {[%emt 0:00:00]} 50. Rxb3 {[%emt 0:00:00]} Qe4+ {[%emt 0:00:00]} 51. Kg1 {[%emt 0:00:00]} Qxe5 {[%emt 0:00:00]} 52. Rb8+ {[%emt 0:00:13]} Kh7 {[%emt 0:00:00]} 53. R8b5 {[%emt 0:00:39]} Qe3+ {[%emt 0:00:00]} 54. Kg2 {[%emt 0:00:43]} Qd2+ {[%emt 0:00:00]} 55. Kh1 {[%emt 0:00:38]} a4 {[%emt 0:00:00]} 56. Ra1 {[%emt 0:03:43]} a3 {[%emt 0:00:00]} 57. Rbb1 {[%emt 0:00:52]} Qd5+ {[%emt 0:00:00]} 58. Kg1 {[%emt 0:00:01]} Qxg5+ {[%emt 0:00:00]} 59. Kh1 {[%emt 0:00:16]} Qd5+ {[%emt 0:00:00]} 60. Kg1 {[%emt 0:00:06]} e5 {[%emt 0:00:00]} 61. Rf1 {[%emt 0:02:01]} e4 {[%emt 0:00:00]} 62. Rfe1 {[%emt 0:01:22]} Qd4+ {[%emt 0:00:00]} 63. Kh1 {[%emt 0:00:49]} e3 {[%emt 0:00:00]} 64. Rac1 {[%emt 0:00:31]} Qe4+ {[%emt 0:00:00]} 65. Kg1 {[%emt 0:00:01]} Qg4+ {[%emt 0:00:00]} 66. Kh1 {[%emt 0:00:31]} Qf3+ {[%emt 0:00:00]} 67. Kg1 {[%emt 0:00:02]} Qf2+ {[%emt 0:00:00]} 68. Kh1 {[%emt 0:00:05]} e2 {[%emt 0:00:00]} 69. Ra1 {[%emt 0:01:18]} a2 {[%emt 0:00:00]} 70. Rac1 {[%emt 0:01:00]} Kh6 {[%emt 0:00:00]} 71. Rg1 {[%emt 0:00:30]} Qf3+ {[%emt 0:00:00]} 72. Rg2 {[%emt 0:00:05]} g5 {[%emt 0:00:00]} 73. Re1 {[%emt 0:00:45]} Kh5 {[%emt 0:00:00]} 0-1

[Event "Czech Open GM 2020"]
[Site "Pardubice"]
[Date "2020.09.26"]
[Round "7.12"]
[White "Rocco, Federico"]
[Black "Seger, Ruediger"]
[Result "1/2-1/2"]
[WhiteElo "2123"]
[BlackElo "2312"]
[Annotator "ChessBase"]
[PlyCount "79"]
[EventDate "2020.09.21"]
[EventCountry "CZE"]
[SourceTitle "playchess.com"]
[Source "ChessBase"]
[SourceQuality "1"]
[TimeControl "40/5400+30:1800+30"]

1. e4 {[%emt 0:00:00]} c6 {[%emt 0:00:00]} 2. d4 {[%emt 0:00:00]} d5 {[%emt 0:00:00]} 3. e5 {[%emt 0:00:00]} c5 {[%emt 0:00:00]} 4. dxc5 {[%emt 0:00:00]} e6 {[%emt 0:00:06]} 5. Nf3 {[%emt 0:00:11]} Bxc5 {[%emt 0:00:13]} 6. Bd3 {[%emt 0:00:06]} Nc6 {[%emt 0:00:16]} 7. a3 {[%emt 0:00:06]} Nge7 {[%emt 0:00:08]} 8. O-O {[%emt 0:01:18]} Ng6 {[%emt 0:00:42]} 9. b4 {[%emt 0:00:26]} Bb6 {[%emt 0:00:07]} 10. Bb2 {[%emt 0:02:26]} O-O {[%emt 0:00:23]} 11. c4 {[%emt 0:01:58]} dxc4 {[%emt 0:06:07]} 12. Bxc4 {[%emt 0:01:03]} Qxd1 {[%emt 0:00:05]} 13. Rxd1 {[%emt 0:00:11]} Bc7 {[%emt 0:00:16]} 14. Re1 {[%emt 0:01:16]} Rd8 {[%emt 0:00:51]} 15. b5 {[%emt 0:13:20]} Ncxe5 {[%emt 0:35:16]} 16. Nxe5 {[%emt 0:23:42]} Nxe5 {[%emt 0:00:11]} 17. Rxe5 {[%emt 0:00:55]} Bxe5 {[%emt 0:00:15]} 18. Bxe5 {[%emt 0:00:07]} Rd1+ {[%emt 0:00:07]} 19. Bf1 {[%emt 0:00:03]} Bd7 {[%emt 0:00:36]} 20. a4 {[%emt 0:00:29]} a6 {[%emt 0:00:38]} 21. b6 {[%emt 0:05:25]} Rc8 {[%emt 0:02:07]} 22. Bc7 {[%emt 0:03:04]} e5 {[%emt 0:00:27]} 23. f3 {[%emt 0:19:23]} Bf5 {[%emt 0:15:51]} 24. Kf2 {[%emt 0:00:10]} h5 {[%emt 0:10:54]} 25. g4 {[%emt 0:05:41]} hxg4 {[%emt 0:01:32]} 26. fxg4 {[%emt 0:00:05]} Rxb1 {[%emt 0:00:51]} 27. Rxb1 {[%emt 0:01:45]} Bxb1 {[%emt 0:00:11]} 28. Ke3 {[%emt 0:03:29]} Kf8 {[%emt 0:10:52]} 29. Bc4 {[%emt 0:01:52]} Ke7 {[%emt 0:06:34]} 30. Bd5 {[%emt 0:00:22]} Rxc7 {[%emt 0:00:53]} 31. bxc7 {[%emt 0:00:05]} Kd7 {[%emt 0:00:05]} 32. Bxb7 {[%emt 0:00:08]} Kxc7 {[%emt 0:00:09]} 33. Bxa6 {[%emt 0:00:04]} g5 {[%emt 0:00:34]} 34. Bd3 {[%emt 0:02:33]} Bxd3 {[%emt 0:02:11]} 35. Kxd3 {[%emt 0:00:18]} Kb6 {[%emt 0:00:10]} 36. Kc4 {[%emt 0:02:12]} Ka5 {[%emt 0:00:19]} 37. Kb3 {[%emt 0:00:07]} f6 {[%emt 0:00:06]} 38. Ka3 {[%emt 0:02:51]} Kb6 {[%emt 0:01:08]} 39. Kb4 {[%emt 0:00:12]} Kc6 {[%emt 0:02:02]} 40. Kc4 {[%emt 0:00:09]} 1/2-1/2

[Event "Czech Open GM 2020"]
[Site "Pardubice"]
[Date "2020.09.26"]
[Round "7.13"]
[White "Kueppers, Timo"]
[Black "Trybus, Daniel"]
[Result "1-0"]
[WhiteElo "2277"]
[BlackElo "1997"]
[Annotator "ChessBase"]
[PlyCount "61"]
[EventDate "2020.09.21"]
[EventCountry "CZE"]
[SourceTitle "playchess.com"]
[Source "ChessBase"]
[SourceQuality "1"]
[TimeControl "40/5400+30:1800+30"]

1. Nf3 {[%emt 0:04:20]} Nf6 {[%emt 0:00:00]} 2. c4 {[%emt 0:00:10]} g6 {[%emt 0:00:00]} 3. Nc3 {[%emt 0:00:07]} Bg7 {[%emt 0:00:00]} 4. d4 {[%emt 0:00:04]} O-O {[%emt 0:00:00]} 5. Bg5 {[%emt 0:00:03]} d6 {[%emt 0:01:45]} 6. e3 {[%emt 0:00:05]} c5 {[%emt 0:02:11]} 7. d5 {[%emt 0:00:17]} e6 {[%emt 0:02:09]} 8. Nd2 {[%emt 0:00:16]} Qa5 {[%emt 0:02:50]} 9. Be2 {[%emt 0:13:05]} a6 {[%emt 0:07:56]} 10. a4 {[%emt 0:04:01]} e5 {[%emt 0:02:24]} 11. O-O {[%emt 0:01:57]} Nbd7 {[%emt 0:04:13]} 12. f4 {[%emt 0:07:46]} exf4 {[%emt 0:06:37]} 13. exf4 {[%emt 0:00:40]} Re8 {[%emt 0:01:00]} 14. Bd3 {[%emt 0:11:10]} Qb4 {[%emt 0:14:03]} 15. Ra3 {[%emt 0:09:58]} Qa5 {[%emt 0:05:52]} 16. h3 {[%emt 0:01:38]} Nh5 {[%emt 0:04:20]} 17. g4 {[%emt 0:02:06]} Re3 {[%emt 0:04:18]} 18. Nde4 {[%emt 0:11:34]} f6 {[%emt 0:04:47]} 19. gxh5 {[%emt 0:05:34]} fxg5 {[%emt 0:01:46]} 20. hxg6 {[%emt 0:08:57]} hxg6 {[%emt 0:00:24]} 21. Nxg5 {[%emt 0:02:16]} Nf8 {[%emt 0:07:48]} 22. Re1 {[%emt 0:00:23]} Bd4 {[%emt 0:00:46]} 23. Rxe3 {[%emt 0:00:20]} Bxe3+ {[%emt 0:00:42]} 24. Kg2 {[%emt 0:01:48]} Bxf4 {[%emt 0:03:01]} 25. Ne6 {[%emt 0:00:58]} Bxe6 {[%emt 0:07:50]} 26. dxe6 {[%emt 0:00:06]} Re8 {[%emt 0:03:04]} 27. Qg4 {[%emt 0:07:40]} g5 {[%emt 0:00:40]} 28. Rb3 {[%emt 0:00:58]} Re7 {[%emt 0:05:25]} 29. Bf5 {[%emt 0:02:23]} Rg7 {[%emt 0:02:08]} 30. Qe2 {[%emt 0:00:26]} Ng6 {[%emt 0:02:53]} 31. Bxg6 {[%emt 0:00:21]} 1-0

[Event "Czech Open GM 2020"]
[Site "Pardubice"]
[Date "2020.09.26"]
[Round "7.14"]
[White "Nemcova, Karin"]
[Black "Haba, Petr"]
[Result "0-1"]
[WhiteElo "1983"]
[BlackElo "2461"]
[Annotator "ChessBase"]
[PlyCount "84"]
[EventDate "2020.09.21"]
[EventCountry "CZE"]
[SourceTitle "playchess.com"]
[Source "ChessBase"]
[SourceQuality "1"]
[TimeControl "40/5400+30:1800+30"]

1. e4 {[%emt 0:00:00]} e6 {[%emt 0:00:07]} 2. d4 {[%emt 0:00:00]} d5 {[%emt 0:00:05]} 3. Nc3 {[%emt 0:00:00]} dxe4 {[%emt 0:00:06]} 4. Nxe4 {[%emt 0:00:00]} Nd7 {[%emt 0:00:04]} 5. g3 {[%emt 0:00:17]} b6 {[%emt 0:02:14]} 6. Bg2 {[%emt 0:00:25]} Rb8 {[%emt 0:00:05]} 7. Ne2 {[%emt 0:01:21]} Bb7 {[%emt 0:00:57]} 8. O-O {[%emt 0:00:28]} Ngf6 {[%emt 0:01:50]} 9. Nxf6+ {[%emt 0:03:06]} Nxf6 {[%emt 0:01:07]} 10. c4 {[%emt 0:05:27]} Bxg2 {[%emt 0:03:06]} 11. Kxg2 {[%emt 0:00:00]} Qd7 {[%emt 0:06:01]} 12. b3 {[%emt 0:04:39]} Be7 {[%emt 0:00:00]} 13. Bb2 {[%emt 0:02:04]} O-O {[%emt 0:00:00]} 14. Nf4 {[%emt 0:00:45]} b5 {[%emt 0:06:55]} 15. Qe2 {[%emt 0:06:32]} bxc4 {[%emt 0:07:23]} 16. Qxc4 {[%emt 0:03:39]} Bd6 {[%emt 0:03:54]} 17. Nd3 {[%emt 0:12:03]} Nd5 {[%emt 0:01:38]} 18. Rac1 {[%emt 0:02:11]} f5 {[%emt 0:04:14]} 19. Qc6 {[%emt 0:11:32]} Qf7 {[%emt 0:01:45]} 20. f4 {[%emt 0:05:00]} Rb6 {[%emt 0:07:24]} 21. Qa4 {[%emt 0:00:21]} Ne3+ {[%emt 0:00:18]} 22. Kg1 {[%emt 0:01:06]} Nxf1 {[%emt 0:08:36]} 23. Rxf1 {[%emt 0:00:52]} Rbb8 {[%emt 0:02:20]} 24. Qc4 {[%emt 0:01:17]} h6 {[%emt 0:03:20]} 25. Re1 {[%emt 0:02:02]} Rfe8 {[%emt 0:00:22]} 26. Ne5 {[%emt 0:10:38]} Bxe5 {[%emt 0:01:04]} 27. Rxe5 {[%emt 0:00:09]} Kh7 {[%emt 0:09:48]} 28. Rc5 {[%emt 0:01:59]} Re7 {[%emt 0:01:38]} 29. Ba3 {[%emt 0:00:51]} Rd7 {[%emt 0:01:47]} 30. Rc6 {[%emt 0:05:03]} Rb6 {[%emt 0:01:16]} 31. Rc5 {[%emt 0:02:52]} Rbd6 {[%emt 0:00:19]} 32. Bb2 {[%emt 0:00:11]} Qh5 {[%emt 0:00:52]} 33. Qf1 {[%emt 0:02:28]} Rxd4 {[%emt 0:03:47]} 34. Bxd4 {[%emt 0:01:01]} Rxd4 {[%emt 0:00:05]} 35. Qf2 {[%emt 0:01:32]} Rd1+ {[%emt 0:09:26]} 36. Kg2 {[%emt 0:00:18]} Qf7 {[%emt 0:00:47]} 37. Qc2 {[%emt 0:06:14]} Qd7 {[%emt 0:04:55]} 38. Kh3 {[%emt 0:01:37]} Rd2 {[%emt 0:02:13]} 39. Qc3 {[%emt 0:00:17]} c6 {[%emt 0:00:50]} 40. Ra5 {[%emt 0:03:29]} Re2 {[%emt 0:03:00]} 41. Re5 {[%emt 0:35:59]} Rxa2 {[%emt 0:30:22]} 42. Qe3 {[%emt 0:00:00]} Qd1 {[%emt 0:00:00]} 0-1

[Event "Czech Open GM 2020"]
[Site "Pardubice"]
[Date "2020.09.26"]
[Round "7.15"]
[White "Lizak, Peter"]
[Black "Wedda, Dries"]
[Result "1-0"]
[WhiteElo "2457"]
[BlackElo "2246"]
[Annotator "ChessBase"]
[PlyCount "165"]
[EventDate "2020.09.21"]
[EventCountry "CZE"]
[SourceTitle "playchess.com"]
[Source "ChessBase"]
[SourceQuality "1"]
[TimeControl "40/5400+30:1800+30"]

1. d4 {[%emt 0:05:42]} Nf6 {[%emt 0:00:00]} 2. Nf3 {[%emt 0:00:06]} d5 {[%emt 0:00:00]} 3. c4 {[%emt 0:01:16]} e6 {[%emt 0:00:00]} 4. g3 {[%emt 0:02:35]} Bb4+ {[%emt 0:01:02]} 5. Bd2 {[%emt 0:01:09]} Be7 {[%emt 0:00:50]} 6. Bg2 {[%emt 0:00:19]} O-O {[%emt 0:00:15]} 7. O-O {[%emt 0:00:20]} Nbd7 {[%emt 0:00:11]} 8. Qc2 {[%emt 0:03:05]} c6 {[%emt 0:00:31]} 9. Bf4 {[%emt 0:07:12]} Ne4 {[%emt 0:01:21]} 10. Nbd2 {[%emt 0:04:15]} g5 {[%emt 0:08:02]} 11. Be3 {[%emt 0:01:47]} Nd6 {[%emt 0:01:37]} 12. cxd5 {[%emt 0:18:49]} cxd5 {[%emt 0:11:38]} 13. Nb3 {[%emt 0:00:16]} b6 {[%emt 0:01:48]} 14. Ne5 {[%emt 0:04:15]} Bb7 {[%emt 0:07:40]} 15. Rac1 {[%emt 0:11:05]} Nf5 {[%emt 0:08:33]} 16. Qd3 {[%emt 0:08:42]} Nxe5 {[%emt 0:04:45]} 17. dxe5 {[%emt 0:00:04]} Nxe3 {[%emt 0:00:15]} 18. Qxe3 {[%emt 0:00:23]} a5 {[%emt 0:10:37]} 19. Nd4 {[%emt 0:01:15]} Bc5 {[%emt 0:05:46]} 20. Qd2 {[%emt 0:04:37]} Bb4 {[%emt 0:04:59]} 21. Qe3 {[%emt 0:00:10]} Bc5 {[%emt 0:00:31]} 22. Rc2 {[%emt 0:00:18]} Rc8 {[%emt 0:03:09]} 23. Rd2 {[%emt 0:03:38]} Bb4 {[%emt 0:00:58]} 24. Rdd1 {[%emt 0:00:25]} Ba6 {[%emt 0:05:10]} 25. h3 {[%emt 0:14:20]} Rc4 26. Bf3 {[%emt 0:01:41]} Bc5 27. b3 {[%emt 0:01:49]} Rc2 {[%emt 0:07:57]} 28. Rd2 {[%emt 0:00:00]} Rxd2 {[%emt 0:00:22]} 29. Qxd2 {[%emt 0:00:00]} h6 {[%emt 0:01:31]} 30. Rd1 {[%emt 0:00:57]} Qc7 {[%emt 0:02:03]} 31. Qe3 {[%emt 0:00:57]} Rc8 {[%emt 0:02:19]} 32. h4 {[%emt 0:02:19]} Be7 {[%emt 0:00:38]} 33. Bg4 {[%emt 0:01:05]} Kh7 {[%emt 0:04:12]} 34. Qf3 {[%emt 0:00:53]} Rf8 {[%emt 0:01:48]} 35. hxg5 {[%emt 0:00:08]} hxg5 {[%emt 0:01:28]} 36. Bxe6 {[%emt 0:00:46]} Qxe5 {[%emt 0:01:38]} 37. Bxd5 {[%emt 0:01:13]} Bc5 {[%emt 0:03:02]} 38. e3 {[%emt 0:00:28]} Bc8 {[%emt 0:01:20]} 39. Kg2 {[%emt 0:00:28]} g4 {[%emt 0:00:43]} 40. Qe4+ {[%emt 0:00:37]} Qxe4+ {[%emt 0:00:14]} 41. Bxe4+ {[%emt 0:30:02]} f5 {[%emt 0:01:25]} 42. Bc6 {[%emt 0:00:00]} Rf6 {[%emt 0:05:17]} 43. Ba8 {[%emt 0:00:00]} Rd6 {[%emt 0:02:26]} 44. Rc1 {[%emt 0:00:00]} Bd7 {[%emt 0:02:00]} 45. Rd1 {[%emt 0:00:00]} Bc8 {[%emt 0:00:12]} 46. f3 {[%emt 0:00:00]} Kg7 {[%emt 0:05:12]} 47. Rd2 {[%emt 0:00:00]} Bd7 {[%emt 0:02:04]} 48. Bb7 {[%emt 0:00:00]} Kg6 {[%emt 0:03:54]} 49. Rd1 {[%emt 0:00:48]} Kg7 {[%emt 0:02:16]} 50. f4 {[%emt 0:01:33]} Kf6 {[%emt 0:05:03]} 51. Kf2 {[%emt 0:00:07]} a4 {[%emt 0:01:21]} 52. Ke2 {[%emt 0:01:55]} axb3 {[%emt 0:01:34]} 53. axb3 {[%emt 0:00:02]} Be6 {[%emt 0:02:42]} 54. Nxe6 {[%emt 0:00:35]} Rxe6 {[%emt 0:00:41]} 55. e4 {[%emt 0:02:10]} fxe4 {[%emt 0:00:14]} 56. Rh1 {[%emt 0:00:36]} Re7 {[%emt 0:00:42]} 57. Bd5 {[%emt 0:00:24]} e3 {[%emt 0:00:36]} 58. Rh6+ {[%emt 0:00:14]} Kf5 {[%emt 0:00:58]} 59. Rh5+ {[%emt 0:00:03]} Kf6 {[%emt 0:00:06]} 60. Rh6+ {[%emt 0:00:41]} Kf5 {[%emt 0:00:08]} 61. Bc4 {[%emt 0:00:45]} Ke4 {[%emt 0:01:30]} 62. Re6+ {[%emt 0:00:18]} Rxe6 {[%emt 0:00:29]} 63. Bxe6 {[%emt 0:00:02]} Kd4 {[%emt 0:01:00]} 64. Bxg4 {[%emt 0:00:05]} Kd5 {[%emt 0:00:06]} 65. Bf5 {[%emt 0:00:13]} Kd4 {[%emt 0:00:48]} 66. Bh7 {[%emt 0:00:39]} Bd6 {[%emt 0:00:16]} 67. Bg6 {[%emt 0:00:50]} Bc7 {[%emt 0:00:48]} 68. Be8 {[%emt 0:00:08]} Bd6 {[%emt 0:00:20]} 69. Bb5 {[%emt 0:00:35]} Ke4 {[%emt 0:00:32]} 70. Bc6+ {[%emt 0:00:21]} Kd4 {[%emt 0:00:15]} 71. Bb7 {[%emt 0:00:50]} Bc7 {[%emt 0:00:16]} 72. Kf3 {[%emt 0:00:16]} b5 {[%emt 0:01:04]} 73. Bc6 {[%emt 0:01:10]} b4 {[%emt 0:00:14]} 74. Bb5 {[%emt 0:00:12]} Kc3 {[%emt 0:00:48]} 75. Bc4 {[%emt 0:00:07]} Kd2 {[%emt 0:00:14]} 76. g4 {[%emt 0:00:23]} Bd8 {[%emt 0:00:10]} 77. g5 {[%emt 0:00:10]} Be7 {[%emt 0:00:04]} 78. Kg4 {[%emt 0:01:38]} e2 {[%emt 0:00:22]} 79. Bxe2 {[%emt 0:00:02]} Kxe2 {[%emt 0:00:04]} 80. f5 {[%emt 0:00:05]} Kd3 {[%emt 0:00:06]} 81. f6 {[%emt 0:00:05]} Bd8 {[%emt 0:00:05]} 82. Kf5 {[%emt 0:00:05]} Kc3 {[%emt 0:00:44]} 83. g6 {[%emt 0:00:07]} 1-0

[Event "Czech Open GM 2020"]
[Site "Pardubice"]
[Date "2020.09.26"]
[Round "7.16"]
[White "Koziak, Vitali"]
[Black "Ludvik, Tomas"]
[Result "1-0"]
[WhiteElo "2434"]
[BlackElo "2218"]
[Annotator "ChessBase"]
[PlyCount "65"]
[EventDate "2020.09.21"]
[EventCountry "CZE"]
[SourceTitle "playchess.com"]
[Source "ChessBase"]
[SourceQuality "1"]
[TimeControl "40/5400+30:1800+30"]

1. c4 {[%emt 0:00:00]} e6 {[%emt 0:01:16]} 2. Nf3 {[%emt 0:00:00]} d5 {[%emt 0:00:17]} 3. d4 {[%emt 0:01:43]} c6 4. e3 {[%emt 0:00:00]} Nf6 {[%emt 0:00:55]} 5. b3 {[%emt 0:00:10]} Ne4 {[%emt 0:02:08]} 6. Nbd2 {[%emt 0:03:17]} Bb4 {[%emt 0:04:15]} 7. Bd3 {[%emt 0:07:16]} f5 {[%emt 0:04:52]} 8. O-O {[%emt 0:01:45]} Nd7 {[%emt 0:00:30]} 9. Bb2 {[%emt 0:07:39]} Qf6 {[%emt 0:02:38]} 10. Qc1 {[%emt 0:09:19]} O-O {[%emt 0:16:03]} 11. Ba3 {[%emt 0:00:27]} a5 {[%emt 0:03:18]} 12. Bxb4 {[%emt 0:01:01]} axb4 {[%emt 0:00:02]} 13. a3 {[%emt 0:00:25]} bxa3 {[%emt 0:03:48]} 14. Rxa3 {[%emt 0:00:13]} Rxa3 {[%emt 0:00:04]} 15. Qxa3 {[%emt 0:00:05]} e5 {[%emt 0:09:19]} 16. cxd5 {[%emt 0:02:01]} cxd5 {[%emt 0:00:31]} 17. Qa5 {[%emt 0:06:55]} Qd6 {[%emt 0:02:24]} 18. dxe5 {[%emt 0:02:29]} Nxe5 {[%emt 0:00:30]} 19. Nxe5 {[%emt 0:04:47]} Nxd2 {[%emt 0:04:37]} 20. Qxd2 {[%emt 0:00:33]} Qxe5 {[%emt 0:00:05]} 21. Qb4 {[%emt 0:14:46]} f4 {[%emt 0:05:43]} 22. Bxh7+ {[%emt 0:00:22]} Kf7 {[%emt 0:04:11]} 23. exf4 {[%emt 0:20:04]} Qh5 {[%emt 0:01:44]} 24. Bb1 {[%emt 0:01:40]} Rh8 {[%emt 0:10:53]} 25. h3 {[%emt 0:00:14]} Rh6 {[%emt 0:02:12]} 26. f5 {[%emt 0:01:58]} b6 {[%emt 0:01:53]} 27. Rc1 {[%emt 0:05:01]} Bd7 {[%emt 0:03:41]} 28. Qd4 {[%emt 0:02:21]} Rd6 {[%emt 0:01:07]} 29. Be4 {[%emt 0:00:33]} Kf8 {[%emt 0:01:51]} 30. Qb4 {[%emt 0:02:59]} Ke7 {[%emt 0:03:14]} 31. Re1 {[%emt 0:01:25]} Qh6 {[%emt 0:01:15]} 32. Bxd5+ {[%emt 0:00:16]} Kd8 {[%emt 0:00:41]} 33. Be6 {[%emt 0:00:39]} 1-0

[Event "Czech Open GM 2020"]
[Site "Pardubice"]
[Date "2020.09.26"]
[Round "7.17"]
[White "Arkell, Keith C"]
[Black "Seitz, Patrick"]
[Result "1-0"]
[WhiteElo "2429"]
[BlackElo "2186"]
[Annotator "ChessBase"]
[PlyCount "145"]
[EventDate "2020.09.21"]
[EventCountry "CZE"]
[SourceTitle "playchess.com"]
[Source "ChessBase"]
[SourceQuality "1"]
[TimeControl "40/5400+30:1800+30"]

1. Nf3 {[%emt 0:00:37]} Nf6 2. c4 {[%emt 0:00:34]} g6 {[%emt 0:01:05]} 3. Nc3 {[%emt 0:00:08]} Bg7 {[%emt 0:00:20]} 4. d4 {[%emt 0:00:07]} d6 {[%emt 0:00:05]} 5. g3 {[%emt 0:00:04]} O-O {[%emt 0:00:19]} 6. Bg2 {[%emt 0:00:05]} c5 {[%emt 0:00:36]} 7. O-O {[%emt 0:00:17]} a6 {[%emt 0:04:45]} 8. dxc5 {[%emt 0:00:13]} dxc5 {[%emt 0:00:06]} 9. Be3 {[%emt 0:01:08]} Nbd7 {[%emt 0:03:28]} 10. h3 {[%emt 0:00:54]} h6 {[%emt 0:03:11]} 11. Qd2 {[%emt 0:00:13]} Kh7 {[%emt 0:00:09]} 12. Rfd1 {[%emt 0:00:44]} Qc7 {[%emt 0:03:08]} 13. Rac1 {[%emt 0:00:21]} Ra7 {[%emt 0:01:39]} 14. Nd5 {[%emt 0:01:12]} Nxd5 {[%emt 0:01:30]} 15. cxd5 {[%emt 0:00:05]} b6 {[%emt 0:01:25]} 16. b4 {[%emt 0:03:50]} a5 {[%emt 0:12:18]} 17. bxc5 {[%emt 0:02:08]} Nxc5 {[%emt 0:00:06]} 18. Nd4 {[%emt 0:00:32]} Ba6 {[%emt 0:23:08]} 19. Nb3 {[%emt 0:04:31]} Qe5 {[%emt 0:08:41]} 20. Nxc5 {[%emt 0:01:53]} bxc5 {[%emt 0:00:06]} 21. Bxc5 {[%emt 0:00:28]} Rc7 {[%emt 0:03:37]} 22. Bd4 {[%emt 0:06:48]} Qd6 {[%emt 0:00:43]} 23. Bxg7 {[%emt 0:00:13]} Kxg7 {[%emt 0:00:06]} 24. Rc6 {[%emt 0:01:38]} Rxc6 {[%emt 0:02:40]} 25. dxc6 {[%emt 0:00:06]} Qxd2 {[%emt 0:01:24]} 26. Rxd2 {[%emt 0:00:05]} Kf6 {[%emt 0:01:10]} 27. Rb2 {[%emt 0:08:06]} e6 {[%emt 0:02:59]} 28. f4 {[%emt 0:00:48]} Ke7 {[%emt 0:03:35]} 29. Kf2 {[%emt 0:04:25]} Rc8 {[%emt 0:02:18]} 30. Rb6 {[%emt 0:00:20]} Bc4 {[%emt 0:00:29]} 31. Rb7+ {[%emt 0:00:07]} Kd6 {[%emt 0:01:47]} 32. Rxf7 {[%emt 0:04:28]} Bxa2 {[%emt 0:02:25]} 33. Ra7 {[%emt 0:00:35]} Bd5 {[%emt 0:00:23]} 34. Rxa5 {[%emt 0:04:41]} Bxg2 {[%emt 0:00:31]} 35. Kxg2 {[%emt 0:00:04]} Rxc6 {[%emt 0:00:06]} 36. Kf3 {[%emt 0:08:30]} Ke7 37. g4 {[%emt 0:02:10]} Rc7 {[%emt 0:02:36]} 38. h4 Kf6 {[%emt 0:04:50]} 39. g5+ {[%emt 0:04:08]} hxg5 {[%emt 0:00:12]} 40. hxg5+ {[%emt 0:00:07]} Kf7 {[%emt 0:00:09]} 41. Ke4 {[%emt 0:00:44]} Rb7 {[%emt 0:06:40]} 42. Ke5 {[%emt 0:00:49]} Ke7 {[%emt 0:00:27]} 43. Rc5 {[%emt 0:01:14]} Ra7 {[%emt 0:02:18]} 44. Rb5 {[%emt 0:00:06]} Rc7 {[%emt 0:00:06]} 45. Kd4 {[%emt 0:10:05]} Rd7+ {[%emt 0:02:21]} 46. Kc4 {[%emt 0:00:26]} Rc7+ {[%emt 0:01:43]} 47. Kd3 {[%emt 0:02:44]} Ra7 {[%emt 0:00:31]} 48. Ke4 {[%emt 0:01:22]} Ra4+ {[%emt 0:00:54]} 49. Kf3 {[%emt 0:00:02]} Ra7 {[%emt 0:00:31]} 50. Rb1 {[%emt 0:00:15]} Rc7 {[%emt 0:12:04]} 51. Rh1 {[%emt 0:00:53]} Rc3+ {[%emt 0:00:54]} 52. e3 {[%emt 0:00:23]} e5 {[%emt 0:00:36]} 53. Rh7+ {[%emt 0:01:14]} Ke6 {[%emt 0:00:09]} 54. Rg7 {[%emt 0:00:17]} exf4 {[%emt 0:00:35]} 55. Kxf4 {[%emt 0:00:10]} Rc1 {[%emt 0:01:20]} 56. Rxg6+ {[%emt 0:00:07]} Ke7 {[%emt 0:00:08]} 57. Ra6 {[%emt 0:00:47]} Rc5 {[%emt 0:02:26]} 58. g6 {[%emt 0:00:22]} Kf8 {[%emt 0:00:54]} 59. Ra7 {[%emt 0:00:30]} Kg8 {[%emt 0:03:04]} 60. e4 {[%emt 0:00:20]} Rc1 {[%emt 0:05:48]} 61. Kf5 {[%emt 0:00:49]} Rf1+ {[%emt 0:00:49]} 62. Ke6 {[%emt 0:00:16]} Rg1 {[%emt 0:01:22]} 63. g7 {[%emt 0:00:27]} Rg6+ {[%emt 0:01:43]} 64. Kd5 {[%emt 0:00:18]} Rg1 {[%emt 0:01:00]} 65. e5 {[%emt 0:01:50]} Rd1+ {[%emt 0:01:08]} 66. Ke6 {[%emt 0:00:12]} Rd2 {[%emt 0:00:24]} 67. Rd7 {[%emt 0:02:27]} Ra2 {[%emt 0:00:28]} 68. Kd6 {[%emt 0:02:37]} Ra6+ {[%emt 0:00:40]} 69. Kd5 {[%emt 0:00:12]} Ra5+ {[%emt 0:00:14]} 70. Ke4 {[%emt 0:00:14]} Ra1 {[%emt 0:00:08]} 71. e6 {[%emt 0:00:11]} Re1+ {[%emt 0:00:59]} 72. Kd5 {[%emt 0:00:08]} Rg1 {[%emt 0:00:46]} 73. Rd8+ {[%emt 0:00:46]} 1-0